Tribhuvan University Central Library

South Asian cooperation issues old and new / (Record no. 119424)

MARC details
000 -LEADER
fixed length control field 01128nam a22003977a 4500
008 - FIXED-LENGTH DATA ELEMENTS--GENERAL INFORMATION
fixed length control field 250117b |||||||| |||| 00| 0 eng d
020 ## - INTERNATIONAL STANDARD BOOK NUMBER
International Standard Book Number 9789937850490
082 ## - DEWEY DECIMAL CLASSIFICATION NUMBER
Edition number 23rd
Classification number 337.1954/So244
245 ## - TITLE STATEMENT
Title South Asian cooperation issues old and new /
Statement of responsibility, etc. Aneel Salman...[et.al].
260 ## - PUBLICATION, DISTRIBUTION, ETC.
Place of publication, distribution, etc. Kathmandu:
Name of publisher, distributor, etc. South Asia Watch on Trade,
Date of publication, distribution, etc. 2018.
300 ## - PHYSICAL DESCRIPTION
Extent 277p.
650 ## - SUBJECT ADDED ENTRY--TOPICAL TERM
Topical term or geographic name entry element Cooperation
650 ## - SUBJECT ADDED ENTRY--TOPICAL TERM
Topical term or geographic name entry element International economic
650 ## - SUBJECT ADDED ENTRY--TOPICAL TERM
Topical term or geographic name entry element South Asia
700 ## - ADDED ENTRY--PERSONAL NAME
Personal name Salman, Aneel
700 ## - ADDED ENTRY--PERSONAL NAME
Personal name Javed, Asif
700 ## - ADDED ENTRY--PERSONAL NAME
Personal name Gupta, Avinash
700 ## - ADDED ENTRY--PERSONAL NAME
Personal name Shatskova, Daria
700 ## - ADDED ENTRY--PERSONAL NAME
Personal name Bhattcharya, Debapriya
700 ## - ADDED ENTRY--PERSONAL NAME
Personal name Nayyar, Deepak
700 ## - ADDED ENTRY--PERSONAL NAME
Personal name Gyawali, Dipak
700 ## - ADDED ENTRY--PERSONAL NAME
Personal name Tilakaratna, Ganga
700 ## - ADDED ENTRY--PERSONAL NAME
Personal name Mukherji, Indra Nath
700 ## - ADDED ENTRY--PERSONAL NAME
Personal name Rama, Martin
700 ## - ADDED ENTRY--PERSONAL NAME
Personal name Husnain, Muhammad Iftikhar ul
700 ## - ADDED ENTRY--PERSONAL NAME
Personal name Kharel, Paras
700 ## - ADDED ENTRY--PERSONAL NAME
Personal name De, Prabir
700 ## - ADDED ENTRY--PERSONAL NAME
Personal name Adhikari, Ratnakar
700 ## - ADDED ENTRY--PERSONAL NAME
Personal name Sobhan, Rehman
700 ## - ADDED ENTRY--PERSONAL NAME
Personal name Beyer, Robert
700 ## - ADDED ENTRY--PERSONAL NAME
Personal name Rajan, S Irudaya
700 ## - ADDED ENTRY--PERSONAL NAME
Personal name Aneel, Sarah Siddiq
700 ## - ADDED ENTRY--PERSONAL NAME
Personal name Ahmed, Syed Shujaat
700 ## - ADDED ENTRY--PERSONAL NAME
Personal name Ahmed, Vaqar
942 ## - ADDED ENTRY ELEMENTS (KOHA)
Source of classification or shelving scheme Dewey Decimal Classification
Koha item type ISBN
Holdings
Withdrawn status Lost status Source of classification or shelving scheme Damaged status Not for loan Home library Current library Date acquired Total Checkouts Full call number Barcode Date last seen Price effective from Koha item type
    Dewey Decimal Classification     Tribhuvan University Central Library Tribhuvan University Central Library 01/17/2025   337.1954/So244 IS15154 01/17/2025 01/17/2025 ISBN